[Event "Cheliabinsk Lozovatsky Memorial-A"]
[Site "Cheliabinsk"]
[Date "2023.02.01"]
[Round "6"]
[White "Tologontegin, Semetey"]
[Black "Gnusarev, Pavel"]
[Result "1-0"]
[WhiteElo "2394"]
[BlackElo "2226"]
[PlyCount "41"]
[EventDate "2023.01.27"]
[EventType "swiss"]
[EventRounds "10"]
[EventCountry "RUS"]
[SourceTitle "CBM 212 Extra"]
[Source "ChessBase"]
[SourceDate "2023.03.31"]
[SourceVersion "1"]
[SourceVersionDate "2023.03.31"]
[SourceQuality "1"]

1. e4 c5 2. Nf3 d6 3. d4 cxd4 4. Nxd4 Nf6 5. Nc3 Nc6 6. Bg5 e6 7. Qd3 Bd7 8. Ndb5 Qb8 9. 0-0-0 Ng4 10. Bh4 g5 11. Bg3 Nge5 12. Nxd6+ Bxd6 13. Qxd6 Qxd6 14. Rxd6 Ke7 15. Rd2 f6 16. f3 b6 17. Bb5 Rad8 18. h4 h6 19. Bxc6 Nxc6 20. Bd6+ Ke8 21. Bc7 1-0

[Event "Cheliabinsk Lozovatsky Memorial-A"]
[Site "Cheliabinsk"]
[Date "2023.01.30"]
[Round "4"]
[White "Ohanyan, Emin"]
[Black "Gnusarev, Pavel"]
[Result "1-0"]
[WhiteElo "2384"]
[BlackElo "2226"]
[PlyCount "87"]
[EventDate "2023.01.27"]
[EventType "swiss"]
[EventRounds "10"]
[EventCountry "RUS"]
[SourceTitle "CBM 212 Extra"]
[Source "ChessBase"]
[SourceDate "2023.03.31"]
[SourceVersion "1"]
[SourceVersionDate "2023.03.31"]
[SourceQuality "1"]

1. d4 Nf6 2. c4 c5 3. d5 b5 4. cxb5 a6 5. e3 g6 6. Nc3 Bg7 7. Nf3 0-0 8. a4 Bb7 9. e4 e6 10. Be2 axb5 11. Bxb5 exd5 12. exd5 Re8+ 13. Be3 Ng4 14. 0-0 Nxe3 15. fxe3 Rxe3 16. Qd2 Re8 17. Rae1 Rxe1 18. Rxe1 Na6 19. d6 Bxf3 20. gxf3 Bd4+ 21. Kg2 Qf6 22. Ne4 Qf5 23. Bc4 Kg7 24. Ng3 Qf6 25. Re7 Rf8 26. Bxa6 Qxd6 27. Qe2 h5 28. h4 Bf6 29. Re4 Qb8 30. Bc4 Qd8 31. Qd2 Bxh4 32. Ne2 Bf6 33. a5 h4 34. a6 Rh8 35. Qd5 h3+ 36. Kh1 Rf8 37. f4 Qa5 38. Ng1 Qa1 39. Qd2 Rb8 40. Re1 Qa4 41. b3 Rxb3 42. Qd5 Rb6 43. Qxf7+ Kh6 44. Re3 1-0

[Event "Cheliabinsk Panchenko Memorial op-A"]
[Site "Cheliabinsk"]
[Date "2021.09.20"]
[Round "9"]
[White "Gnusarev, Pavel"]
[Black "Nurgaliyev, Sauat"]
[Result "1/2-1/2"]
[WhiteElo "2270"]
[BlackElo "2059"]
[PlyCount "73"]
[EventDate "2021.09.13"]
[EventType "swiss"]
[EventRounds "10"]
[EventCountry "RUS"]
[SourceTitle "CBM 204 Extra"]
[Source "ChessBase"]
[SourceDate "2021.11.30"]
[SourceVersion "1"]
[SourceVersionDate "2021.11.30"]
[SourceQuality "1"]

1. d4 d5 2. c4 e6 3. Nc3 Nf6 4. Bg5 Be7 5. e3 0-0 6. Nf3 Nbd7 7. Qc2 dxc4 8. Bxc4 a6 9. 0-0 b5 10. Bd3 Bb7 11. Ne5 h6 12. Bxf6 Nxf6 13. Ne4 Bd6 14. Nc6 Bxc6 15. Qxc6 Nd5 16. a3 Qe8 17. Rac1 Qxc6 18. Rxc6 Ne7 19. Rc2 e5 20. dxe5 Bxe5 21. f4 Bd6 22. Nxd6 cxd6 23. Kf2 Rfc8 24. Rfc1 d5 25. e4 Rxc2+ 26. Rxc2 dxe4 27. Bxe4 Ra7 28. Ke3 f5 29. Bf3 Kf7 30. Rd2 Rc7 31. Bd1 Nc8 32. Bb3+ Ke7 33. Rc2 Kd6 34. Rxc7 Kxc7 35. Kd4 Kd6 36. Bd5 a5 37. b3 1/2-1/2

[Event "Cheliabinsk Panchenko Memorial op-A"]
[Site "Cheliabinsk"]
[Date "2021.09.19"]
[Round "7"]
[White "Trofimov, Pavel"]
[Black "Gnusarev, Pavel"]
[Result "1/2-1/2"]
[WhiteElo "2157"]
[BlackElo "2270"]
[PlyCount "94"]
[EventDate "2021.09.13"]
[EventType "swiss"]
[EventRounds "10"]
[EventCountry "RUS"]
[SourceTitle "CBM 204 Extra"]
[Source "ChessBase"]
[SourceDate "2021.11.30"]
[SourceVersion "1"]
[SourceVersionDate "2021.11.30"]
[SourceQuality "1"]

1. d4 d6 2. Nf3 Nf6 3. c4 g6 4. g3 Bg7 5. Bg2 0-0 6. 0-0 c5 7. dxc5 dxc5 8. Nc3 Nc6 9. Bf4 Nh5 10. Be3 Nd4 11. Qd2 Bg4 12. Rfd1 Bxf3 13. Bxf3 Nxf3+ 14. exf3 Qxd2 15. Rxd2 Bxc3 16. bxc3 b6 17. Rd7 Rfe8 18. Rad1 Ng7 19. Rb7 Nf5 20. Bf4 f6 21. Rdd7 g5 22. Bc7 Kf7 23. g4 Nh4 24. f4 Ke6 25. Rd3 gxf4 26. Bxf4 Rad8 27. Re3+ Kf7 28. h3 Rd1+ 29. Kh2 Ng6 30. Bg3 Red8 31. Rxa7 R8d3 32. Rxd3 Rxd3 33. Ra3 Nf8 34. Bc7 Nd7 35. Kg2 e5 36. Rb3 Kg6 37. a4 Kg5 38. Bd8 e4 39. Bc7 f5 40. Bd8+ Kf4 41. gxf5 Kxf5 42. Bc7 h5 43. Bg3 Rd2 44. Kf1 Ra2 45. Rb1 Rxa4 46. Rd1 Nf6 47. Rd6 e3 1/2-1/2

[Event "Cheliabinsk Panchenko Memorial op-A"]
[Site "Cheliabinsk"]
[Date "2021.09.16"]
[Round "4"]
[White "Kairbekova, Amina"]
[Black "Gnusarev, Pavel"]
[Result "1-0"]
[WhiteElo "2036"]
[BlackElo "2270"]
[PlyCount "65"]
[EventDate "2021.09.13"]
[EventType "swiss"]
[EventRounds "10"]
[EventCountry "RUS"]
[SourceTitle "CBM 204 Extra"]
[Source "ChessBase"]
[SourceDate "2021.11.30"]
[SourceVersion "1"]
[SourceVersionDate "2021.11.30"]
[SourceQuality "1"]

1. e4 c5 2. Nf3 Nc6 3. g3 g6 4. d4 cxd4 5. Nxd4 Bg7 6. Ne2 b6 7. Bg2 Ba6 8. Nbc3 Nf6 9. 0-0 Rc8 10. f4 0-0 11. Kh1 e6 12. e5 Ne8 13. Ne4 d5 14. exd6 Qd7 15. c3 f5 16. Ng5 Qxd6 17. Qxd6 Nxd6 18. Re1 Rfe8 19. Ng1 Bc4 20. Be3 h6 21. N1h3 Bd5 22. Rad1 Ne4 23. Nf2 Nf6 24. Nf3 Bxa2 25. Ne5 Bd5 26. Nxg6 Bxg2+ 27. Kxg2 Nd5 28. Bc1 Na5 29. g4 Kf7 30. Ne5+ Bxe5 31. fxe5 fxg4 32. Ne4 Nc4 33. Bxh6 1-0

[Event "Cheliabinsk Panchenko Memorial op"]
[Site "Cheliabinsk"]
[Date "2019.09.17"]
[Round "9"]
[White "Gnusarev, Pavel"]
[Black "Yeletsky, Ivan"]
[Result "0-1"]
[WhiteElo "2277"]
[BlackElo "2449"]
[PlyCount "66"]
[EventDate "2019.09.09"]
[EventType "swiss"]
[EventRounds "9"]
[EventCountry "RUS"]
[SourceTitle "EXT 2020"]
[Source "ChessBase"]
[SourceDate "2019.10.17"]
[SourceVersion "1"]
[SourceVersionDate "2019.10.17"]
[SourceQuality "1"]

1. d4 Nf6 2. c4 g6 3. Nf3 Bg7 4. e3 0-0 5. Be2 c5 6. d5 e6 7. Nc3 exd5 8. cxd5 d6 9. Nd2 b6 10. a4 Na6 11. 0-0 Nb4 12. e4 Re8 13. Kh1 Rb8 14. Bb5 Re7 15. f3 Nh5 16. Ndb1 f5 17. exf5 a6 18. Be2 Bxf5 19. Na3 Qe8 20. Bc4 Bd7 21. Bg5 Bf6 22. Qd2 b5 23. axb5 axb5 24. Bb3 Bxg5 25. Qxg5 Re5 26. Qd2 Nf6 27. Rae1 Nd3 28. Rxe5 Nxe5 29. Nab1 b4 30. Nd1 Bb5 31. Re1 Qf7 32. Ne3 Re8 33. h3 Nh5 0-1

[Event "Ufa Gumerov Memorial 8th"]
[Site "Ufa"]
[Date "2019.07.28"]
[Round "8"]
[White "Gnusarev, Pavel"]
[Black "Mukhutdinov, Tigran"]
[Result "1/2-1/2"]
[WhiteElo "2320"]
[BlackElo "2256"]
[PlyCount "43"]
[EventDate "2019.07.24"]
[EventType "tourn"]
[EventRounds "9"]
[EventCountry "RUS"]
[SourceTitle "CBM 191 Extra"]
[Source "ChessBase"]
[SourceDate "2019.09.30"]
[SourceVersion "1"]
[SourceVersionDate "2019.09.30"]
[SourceQuality "1"]

1. d4 Nf6 2. c4 g6 3. Nf3 Bg7 4. e3 0-0 5. Be2 b6 6. Nc3 Bb7 7. 0-0 d5 8. cxd5 Nxd5 9. Bd2 Nd7 10. Nxd5 Bxd5 11. Qc2 Bb7 12. Rfd1 c5 13. Bc3 cxd4 14. Bxd4 Qc8 15. Qxc8 Bxc8 16. Bxg7 Kxg7 17. Rac1 Nc5 18. b4 Ba6 19. Kf1 Bxe2+ 20. Kxe2 Na6 21. a3 Rac8 22. Nd4 1/2-1/2

[Event "Pavlodar Akim Cup"]
[Site "Pavlodar"]
[Date "2018.12.04"]
[Round "2"]
[White "Dzhumagaliev, Yan"]
[Black "Gnusarev, Pavel"]
[Result "1-0"]
[WhiteElo "2410"]
[BlackElo "2299"]
[PlyCount "69"]
[EventDate "2018.12.03"]
[EventType "tourn"]
[EventRounds "9"]
[EventCountry "KAZ"]
[EventCategory "9"]
[SourceTitle "EXT 2020"]
[Source "ChessBase"]
[SourceDate "2019.10.17"]
[SourceVersion "1"]
[SourceVersionDate "2019.10.17"]
[SourceQuality "1"]

1. d4 Nf6 2. c4 e6 3. g3 c5 4. d5 exd5 5. cxd5 d6 6. Nc3 g6 7. Bg2 Bg7 8. Qa4+ Nbd7 9. Bf4 0-0 10. Nf3 Qe7 11. 0-0 a6 12. Qa3 Ng4 13. b4 b6 14. Rac1 Nge5 15. Rfe1 h6 16. h4 Re8 17. Kf1 Ng4 18. Na4 Rb8 19. Rb1 Rb7 20. Qc1 Ndf6 21. Nc3 Bf5 22. bxc5 dxc5 23. e4 Nxe4 24. Nxe4 Bxe4 25. Kg1 Qd8 26. Rxe4 Rxe4 27. Nh2 Nf6 28. d6 Rd7 29. Bxe4 Nxe4 30. Qc4 Nxd6 31. Qxa6 Qc8 32. Qe2 Qc6 33. Rd1 Bf8 34. Ng4 Be7 35. Ne5 1-0

[Event "Cheliabinsk Lozovatsky Memorial-B"]
[Site "Cheliabinsk"]
[Date "2018.01.15"]
[Round "7"]
[White "Radzhabov, Rodion"]
[Black "Gnusarev, Pavel"]
[Result "1/2-1/2"]
[WhiteElo "2314"]
[BlackElo "2294"]
[PlyCount "122"]
[EventDate "2018.01.09"]
[EventType "tourn"]
[EventRounds "9"]
[EventCountry "RUS"]
[EventCategory "3"]
[SourceTitle "CBM 182 Extra"]
[Source "ChessBase"]
[SourceDate "2018.02.23"]
[SourceVersion "1"]
[SourceVersionDate "2018.02.23"]
[SourceQuality "1"]

1. e4 c5 2. Nf3 e6 3. b3 Nc6 4. Bb2 d5 5. exd5 exd5 6. Bb5 Nf6 7. 0-0 Be7 8. d4 0-0 9. h3 Ne4 10. Nc3 Bf6 11. Bxc6 bxc6 12. Nxe4 dxe4 13. Ne5 Qc7 14. f4 exf3 15. Rxf3 Be7 16. Qe2 Be6 17. c4 cxd4 18. Bxd4 Rad8 19. Bc3 Bc5+ 20. Kh1 Bd4 21. Re1 Bxc3 22. Rxc3 Rd4 23. Nf3 Rdd8 24. Qe5 Qb6 25. Ng5 Bd7 26. Qe4 f5 27. Qh4 h6 28. Nf3 Rfe8 29. Ne5 Bc8 30. c5 Qc7 31. Rce3 Rd5 32. Nc4 Rxe3 33. Rxe3 Rd1+ 34. Re1 g5 35. Qf2 Qf4 36. Qe2 Rxe1+ 37. Qxe1 Kf8 38. Qa1 Kg8 39. Qe5 Qxe5 40. Nxe5 Bb7 41. Nc4 Bc8 42. Ne5 Bb7 43. Kg1 Kg7 44. Nc4 Bc8 45. Ne5 Bb7 46. Kf2 Kf6 47. Nc4 Bc8 48. g3 Be6 49. Na5 Bd5 50. b4 Ke5 51. Ke3 f4+ 52. gxf4+ gxf4+ 53. Kf2 Kd4 54. a3 Kc3 55. b5 cxb5 56. c6 Kb2 57. c7 Be6 58. Nc6 a6 59. Kf3 Kxa3 60. Kxf4 Bxh3 61. Ke5 Bc8 1/2-1/2

[Event "Cheliabinsk Lozovatsky Memorial-B"]
[Site "Cheliabinsk"]
[Date "2018.01.12"]
[Round "4"]
[White "Gnusarev, Pavel"]
[Black "Frolov, Ivan"]
[Result "1-0"]
[WhiteElo "2294"]
[BlackElo "2286"]
[PlyCount "45"]
[EventDate "2018.01.09"]
[EventType "tourn"]
[EventRounds "9"]
[EventCountry "RUS"]
[EventCategory "3"]
[SourceTitle "CBM 182 Extra"]
[Source "ChessBase"]
[SourceDate "2018.02.23"]
[SourceVersion "1"]
[SourceVersionDate "2018.02.23"]
[SourceQuality "1"]

1. d4 Nf6 2. c4 c5 3. d5 b5 4. Nf3 e6 5. e4 Nxe4 6. Bd3 Nf6 7. Nc3 bxc4 8. Bxc4 Ba6 9. Bxa6 Nxa6 10. 0-0 Qb6 11. Ne5 Be7 12. Bg5 Qxb2 13. dxe6 Qxc3 14. Bxf6 gxf6 15. Qxd7+ Kf8 16. Nc6 Kg7 17. Nxe7 Rhd8 18. Nf5+ Kg6 19. Nh4+ Kh5 20. Qxf7+ Kxh4 21. Qxh7+ Kg4 22. Qg6+ Kf4 23. Rae1 1-0

[Event "Cheliabinsk Lozovatsky Memorial-B"]
[Site "Cheliabinsk"]
[Date "2018.01.09"]
[Round "1"]
[White "Gnusarev, Pavel"]
[Black "Remizov, Yaroslav"]
[Result "1-0"]
[WhiteElo "2294"]
[BlackElo "2322"]
[PlyCount "91"]
[EventDate "2018.01.09"]
[EventType "tourn"]
[EventRounds "9"]
[EventCountry "RUS"]
[EventCategory "3"]
[SourceTitle "CBM 182 Extra"]
[Source "ChessBase"]
[SourceDate "2018.02.23"]
[SourceVersion "1"]
[SourceVersionDate "2018.02.23"]
[SourceQuality "1"]

1. d4 d5 2. c4 e6 3. Nf3 c6 4. e3 Bd6 5. Bd3 f5 6. 0-0 Nf6 7. b3 Qe7 8. Bb2 0-0 9. Nc3 Ne4 10. Ne2 Nd7 11. Ne5 Nec5 12. Bc2 Nxe5 13. dxe5 Bc7 14. f4 Ne4 15. Rc1 Rd8 16. Qe1 a5 17. Nd4 a4 18. cxd5 cxd5 19. Bxe4 dxe4 20. Ba3 Qf7 21. Nb5 Bb6 22. Bc5 Bxc5 23. Rxc5 axb3 24. Nd6 Qh5 25. axb3 Bd7 26. Nxb7 Rdb8 27. Ra5 Rxa5 28. Qxa5 Qe2 29. Re1 Qb5 30. Qxb5 Bxb5 31. Nc5 Kf7 32. Ra1 Rb6 33. Ra7+ Kf8 34. Rb7 Rxb7 35. Nxb7 Ke7 36. Nc5 Bc6 37. Kf2 Bd5 38. Ke1 Kd8 39. Kd2 Kc7 40. Kc3 Kc6 41. Kb4 Kc7 42. Na4 g5 43. g3 gxf4 44. gxf4 Bc6 45. Kc5 h5 46. h4 1-0

[Event "Cheliabinsk Lozovatsky Memorial-B"]
[Site "Cheliabinsk"]
[Date "2017.01.20"]
[Round "8"]
[White "Gnusarev, Pavel"]
[Black "Mischuk, Dmitry"]
[Result "0-1"]
[WhiteElo "2324"]
[BlackElo "2374"]
[PlyCount "80"]
[EventDate "2017.01.14"]
[EventType "tourn"]
[EventRounds "10"]
[EventCountry "RUS"]
[EventCategory "3"]
[SourceTitle "EXT 2018"]
[Source "ChessBase"]
[SourceDate "2017.10.13"]
[SourceVersion "1"]
[SourceVersionDate "2017.10.13"]
[SourceQuality "1"]

1. d4 Nf6 2. c4 g6 3. Nc3 d5 4. cxd5 Nxd5 5. e4 Nxc3 6. bxc3 Bg7 7. Nf3 c5 8. h3 0-0 9. Be2 cxd4 10. cxd4 Nc6 11. Be3 Qa5+ 12. Bd2 Qa3 13. d5 Ne5 14. Rb1 Nxf3+ 15. Bxf3 Qxa2 16. 0-0 b6 17. Re1 Be5 18. Bb4 Re8 19. Re2 Qa6 20. Qb3 b5 21. Bc3 Bxc3 22. Qxc3 Bd7 23. Qd4 e5 24. dxe6 Bxe6 25. Ra1 Qb6 26. Qxb6 axb6 27. Rb1 Bc4 28. Re3 Ra2 29. e5 Rd8 30. Bc6 Rdd2 31. Rf3 Rab2 32. Rc1 Re2 33. Rf6 Rxe5 34. f4 Re6 35. Rxe6 Bxe6 36. Bf3 Bc4 37. Rd1 b4 38. Rd6 b5 39. Rb6 Ra2 40. Bc6 Ra5 0-1

[Event "Cheliabinsk Lozovatsky Memorial-B"]
[Site "Cheliabinsk"]
[Date "2017.01.17"]
[Round "5"]
[White "Polosin, Evgeni"]
[Black "Gnusarev, Pavel"]
[Result "1/2-1/2"]
[WhiteElo "2125"]
[BlackElo "2324"]
[PlyCount "129"]
[EventDate "2017.01.14"]
[EventType "tourn"]
[EventRounds "10"]
[EventCountry "RUS"]
[EventCategory "3"]
[SourceTitle "EXT 2018"]
[Source "ChessBase"]
[SourceDate "2017.10.13"]
[SourceVersion "1"]
[SourceVersionDate "2017.10.13"]
[SourceQuality "1"]

1. e4 c5 2. Nf3 Nc6 3. c3 d5 4. exd5 Qxd5 5. d4 Bf5 6. Be2 cxd4 7. cxd4 Bxb1 8. Rxb1 e6 9. 0-0 Nf6 10. b3 Be7 11. Bb2 Rd8 12. Bc4 Qa5 13. Qe2 0-0 14. Rfe1 Bb4 15. Red1 Bc3 16. Bxc3 Qxc3 17. Rbc1 Qa5 18. Bb5 Ne7 19. a4 Rc8 20. Ne5 Rxc1 21. Rxc1 Nf5 22. Nf3 Nd5 23. Qe5 Qb4 24. Bc4 Rc8 25. Re1 Nfe7 26. h4 h6 27. Re4 Nf6 28. Re2 Nc6 29. Qf4 Rd8 30. g4 Qd6 31. Qxd6 Rxd6 32. g5 Nd5 33. Re4 Nde7 34. Kf1 Nf5 35. d5 exd5 36. Re8+ Kh7 37. Bd3 g6 38. Rc8 Rd7 39. Bxf5 gxf5 40. gxh6 Kxh6 41. Ke2 d4 42. Kd2 Kh5 43. Rh8+ Kg4 44. Ne1 Ne5 45. h5 Nf3+ 46. Nxf3 Kxf3 47. h6 Rd6 48. Rb8 Rxh6 49. Rxb7 a6 50. Rxf7 f4 51. Kd3 Rb6 52. Kxd4 Rxb3 53. Kc4 Rb6 54. Kc5 Rb2 55. Ra7 Kxf2 56. Rxa6 f3 57. Rf6 Ke2 58. a5 f2 59. Rxf2+ Kxf2 60. a6 Ra2 61. Kb6 Ke3 62. a7 Kd4 63. Kb7 Kc5 64. a8Q Rxa8 65. Kxa8 1/2-1/2

[Event "Cheliabinsk Lozovatsky Memorial-B"]
[Site "Cheliabinsk"]
[Date "2017.01.15"]
[Round "3"]
[White "Mischuk, Dmitry"]
[Black "Gnusarev, Pavel"]
[Result "1/2-1/2"]
[WhiteElo "2374"]
[BlackElo "2324"]
[PlyCount "84"]
[EventDate "2017.01.14"]
[EventType "tourn"]
[EventRounds "10"]
[EventCountry "RUS"]
[EventCategory "3"]
[SourceTitle "EXT 2018"]
[Source "ChessBase"]
[SourceDate "2017.10.13"]
[SourceVersion "1"]
[SourceVersionDate "2017.10.13"]
[SourceQuality "1"]

1. d4 Nf6 2. c4 g6 3. Nc3 Bg7 4. e4 d6 5. Be2 0-0 6. Be3 Nbd7 7. h3 a6 8. Nf3 c5 9. e5 Ne8 10. exd6 Nxd6 11. dxc5 Nf5 12. Bd2 Nxc5 13. 0-0 Be6 14. Ng5 Bd7 15. b4 Na4 16. Nge4 Nd4 17. Bd3 Nb2 18. Qb1 Nxd3 19. Qxd3 Bc6 20. f3 f5 21. Nf2 Nxf3+ 22. gxf3 Qxd3 23. Nxd3 Rad8 24. Be1 Rxd3 25. Rc1 Bxf3 26. Na4 Be2 27. Rf2 Bd4 28. Nc5 Rxh3 29. Kg2 Bg4 30. Rfc2 f4 31. Bf2 f3+ 32. Kg1 Rg3+ 33. Kh1 Bxf2 34. Rxf2 Bc8 35. Nd3 g5 36. Re1 g4 37. Rh2 Bf5 38. Nf2 Bg6 39. Rxe7 Rd8 40. Re1 Rd2 41. Nxg4 Rxh2+ 42. Nxh2 f2 1/2-1/2

[Event "Cheliabinsk Panchenko Memorial"]
[Site "Cheliabinsk"]
[Date "2016.10.21"]
[Round "8"]
[White "Gnusarev, Pavel"]
[Black "Frolov, Ivan"]
[Result "1-0"]
[WhiteElo "2327"]
[BlackElo "2365"]
[PlyCount "63"]
[EventDate "2016.10.14"]
[EventType "tourn"]
[EventRounds "9"]
[EventCountry "RUS"]
[EventCategory "4"]
[SourceTitle "CBM 175 Extra"]
[Source "ChessBase"]
[SourceDate "2016.12.12"]
[SourceVersion "1"]
[SourceVersionDate "2016.12.12"]
[SourceQuality "1"]

1. d4 Nf6 2. c4 c5 3. d5 b5 4. Nf3 e6 5. dxe6 fxe6 6. cxb5 d5 7. e3 Bd6 8. Nbd2 0-0 9. b3 Bb7 10. Bb2 Nbd7 11. Be2 Qe7 12. 0-0 e5 13. e4 d4 14. Qc2 Kh8 15. Ne1 Rac8 16. Bf3 Qf7 17. Nd3 Qg6 18. Rae1 a6 19. bxa6 Bxa6 20. Nc4 Bxc4 21. Qxc4 Nb6 22. Qe6 Rfd8 23. Nxe5 Bxe5 24. Qxe5 d3 25. Qe6 Nbd7 26. e5 d2 27. exf6 Nxf6 28. Rd1 Re8 29. Qc4 Rcd8 30. Bc3 Rd3 31. Bxf6 Rxf3 32. Bc3 1-0

[Event "Pavlodar op"]
[Site "Pavlodar"]
[Date "2014.12.02"]
[Round "3"]
[White "Gnusarev, Pavel"]
[Black "Zubarev, Alexander1111"]
[Result "0-1"]
[WhiteElo "2361"]
[BlackElo "1961"]
[PlyCount "52"]
[EventDate "2014.12.01"]
[EventType "swiss"]
[EventRounds "9"]
[EventCountry "KAZ"]
[SourceTitle "EXT 2016"]
[Source "ChessBase"]
[SourceDate "2015.10.08"]
[SourceVersion "1"]
[SourceVersionDate "2015.10.08"]
[SourceQuality "1"]

1. d4 g6 2. c4 Bg7 3. Nf3 Nf6 4. Nc3 0-0 5. e4 d6 6. Be2 Nbd7 7. 0-0 e5 8. Qc2 c6 9. Rd1 Qe7 10. d5 c5 11. Bg5 h6 12. Bh4 g5 13. Bg3 Nh5 14. Nd2 Ndf6 15. Nf1 Nf4 16. f3 h5 17. Ne3 Bh6 18. Nf5 Bxf5 19. exf5 Kh7 20. Kh1 Rg8 21. Bf1 h4 22. Bf2 Rg7 23. Rab1 b6 24. a3 N6h5 25. Ne4 Qd7 26. Rd2 Rd8 0-1

[Event "Pavlodar op"]
[Site "Pavlodar"]
[Date "2014.12.02"]
[Round "2"]
[White "Sadubayev, Airat"]
[Black "Gnusarev, Pavel"]
[Result "1/2-1/2"]
[WhiteElo "1870"]
[BlackElo "2361"]
[PlyCount "44"]
[EventDate "2014.12.01"]
[EventType "swiss"]
[EventRounds "9"]
[EventCountry "KAZ"]
[SourceTitle "EXT 2016"]
[Source "ChessBase"]
[SourceDate "2015.10.08"]
[SourceVersion "1"]
[SourceVersionDate "2015.10.08"]
[SourceQuality "1"]

1. e4 c5 2. Nf3 e6 3. d4 cxd4 4. Nxd4 a6 5. Nc3 b5 6. Bd3 Qb6 7. Nf3 Qc7 8. 0-0 Bb7 9. Re1 Bc5 10. Qe2 Nf6 11. Be3 d6 12. e5 dxe5 13. Bxc5 Qxc5 14. Nxe5 0-0 15. Rad1 Nc6 16. Nxc6 Qxc6 17. f3 Rac8 18. a3 b4 19. axb4 Qb6+ 20. Qf2 Qxb4 21. Rb1 Rfd8 22. Na2 Qf4 1/2-1/2